000 00644nam a22002057a 4500
003 LK-CoMWRAF
005 20231122134219.0
008 231122b1997 |||||||| |||| 00| 0 eng d
020 _a 9062249728
040 _aLK-CoMWRAF
_dLK-CoMWRAF
_eLK-CoMWRAF
041 _aeng
082 _a305.42
_bPEI
100 _aPeiris, Kamala
245 _aWeaving a future together:
_bwomen and participatory development in Sri Lanka
260 _aUtrecht:
_bInternational Books
_c1997
300 _a 112 p. : ill. ; 22 cm.
_bBibliography included
650 _a Women in development--Sri Lanka.
650 _aSocial participation--Sri Lanka.
942 _cBK
999 _c4212
_d4212